000 00701nam a2200253 a 4500
001 38423
003 BD-RjUL
005 20211209052808.0
008 151129s1967 nyua 001 0 eng
020 _a070571449
035 _a(BD-RjUL)38528
040 _aBD-RjUL
_cBD-RjUL
_dBD-RjUL
_beng
041 _aeng
082 0 0 _a660.2
_bSHC 1967
100 1 _aShreve, Randolph Norris
_d1885-1975.
_950258
245 1 0 _aChemical process industries /
_cR. Norris Shreve.
250 _a3rd ed.
260 _aNew York :
_bMcGraw-Hill,
_cc1967.
300 _a905 p. :
_bill. ;
_c25 cm.
500 _aIncludes index.
650 0 _aChemistry, Technical.
_950259
942 _2ddc
_cBK
999 _c38423
_d38423